000 00517cam a22002051 4500
001 he 66000856
003 DLC
005 20260227111438.0
008 840307s1965 is 000 0 heb
010 _ahe 66000856
035 _a(OCoLC)19136528
040 _aDLC
_cMH
_dDLC
042 _apremarc
050 0 0 _aPJ5054.A4963
_bT3
100 1 _aAkselrod, Barukh.
245 1 0 _aṬaḳalah ba-sheḥaḳim.
260 _a[Tel Aviv] :
_bMasadah,
_c[1965]
300 _a168 p. ;
_c23 cm.
752 _aIsrael
_dTel Aviv
999 _c31730
_d31730